• 首页
  • 本馆介绍
  • 公告通知
  • 最新文献
  • 馆藏检索
  • 电子资源
  • 读者导购
  • 参考咨询
  • 我的图书馆
  • 登录
  • 详细信息显示
  • 放入我的书架
  • 预约/预借图书
  • 作者相关作品
  • 分类相关作品
  • 丛书相关作品
  • 出版社相关作品

书目信息

  • 表格格式
  • 工作单格式
  • 卡片格式
题名:
精神文明锦言集
    
 
作者: 郑怀盛 , 施盈富 编
分册:  
出版信息: 北京   战士出版社  1983
页数: 155页
开本: 19cm
丛书名:
单 册:
中图分类: D432.62
科图分类:
主题词: 青年--思想政治教育--中国
电子资源:
ISBN:
000 00666nam0 2200241 45
001 0183002838
005 20060524101252.45
010    @dCNY0.45
091    @a3185.10
100    @a19950706d1983 em y0chiy0121 ea
101 0  @achi
102    @aCN@b110000
105    @ay z 000yy
200 10 @a精神文明锦言集@Ajing shen wen ming jin yan ji@f施盈富,郑怀盛编@FShi Ying Fu,Zheng Huai Sheng Bian
210    @a北京@c战士出版社@d1983
215    @a155页@d19cm
606 0  @a青年@x思想政治教育@x中国
690    @aD432.62@v3
701  0 @a郑怀盛@4编
701  0 @a施盈富@4编
801  2 @aCN@bNLC@c20060524
801  0 @aCN@b上海图书馆@c20040420
905    @dD432.62@e106
    
    精神文明锦言集/施盈富,郑怀盛编.-北京:战士出版社,1983
    155页;19cm
    
    
    ISBN :CNY0.45
    
●
相关链接 在E读中查询图书 在五车中查询图书 在当当中查询图书 在豆瓣中查询图书


正题名:精神文明锦言集     索取号:D432.62/106         预约/预借

序号 登录号 条形码 馆藏地/架位号 状态 备注
1 0173829   000480492   密集书库/ [索取号:D432.62/106] 在馆    
2 0173830   202391081   密集书库/ [索取号:D432.62/106] 在馆    
3 0173831   000480508   第一样本阅览室/ [索取号:D432.62/106] 在馆    
唐山师范学院图书馆 欢迎您!
大连网信软件有限公司© 版权所有